[Event "Ave-Kontakt Cup IMC"]
[Site "Olomouc CZE"]
[Date "2007.08.02"]
[Round "2"]
[White "Blazkova,P"]
[Black "Khamzin,O"]
[Result "0-1"]
[WhiteElo "2255"]
[BlackElo "2333"]

1.e4 c5 2.Nf3 e6 3.d4 cxd4 4.Nxd4 a6 5.Nc3 d6 6.Be3 Nf6 7.g4 h6 8.Bg2 Nbd7
9.h3 Ne5 10.Qe2 Qc7 11.O-O-O Bd7 12.Kb1 g5 13.f4 gxf4 14.Bxf4 Be7 15.Rhf1 b5
16.g5 hxg5 17.Bxg5 Ng8 18.Bxe7 Nxe7 19.Qd2 Rc8 20.Nf3 N7g6 21.Qd4 Ke7 22.Qd2 Nc4
23.Qg5+ f6 24.Qxg6 Rcg8 25.Ne5 fxe5 26.Rf7+ Kd8 27.Qf6+ Kc8 28.Qf2 Qb6 29.Bf1 Qxf2
30.Rxf2 Ne3 31.Rd3 Nxf1 32.Rxf1 b4 33.Ne2 Rg2 34.Re3 Bb5 35.Re1 Rf8 36.c4 Ba4
37.b3 Bc6 38.Nc1 Rff2 39.R1e2 a5 40.Rxf2 Rxf2 41.Ne2 Rh2 42.Kc2 Kc7 43.Kd3 Kb6
44.Nc1 Kc5 45.Rg3 Rh1 46.Ne2 a4 47.Ke3 axb3 48.axb3 Rb1 49.Kf2 Bxe4 50.Re3 Bc2
51.h4 Rxb3 52.Rxb3 Bxb3 53.h5 Bc2 54.Ke3 Kxc4 55.h6 Bh7  0-1

[Event "2nd It"]
[Site "Edmonton CAN"]
[Date "2007.08.03"]
[Round "2"]
[White "Reeve,J"]
[Black "Bachmann,Ax"]
[Result "0-1"]
[WhiteElo "2205"]
[BlackElo "2466"]

1.e4 c5 2.Nf3 e6 3.d4 cxd4 4.Nxd4 a6 5.Nc3 Qc7 6.Bd3 Nc6 7.Nxc6 dxc6 8.O-O Nf6
9.a4 e5 10.Be3 b6 11.Qe2 Be7 12.Kh1 O-O 13.Rg1 Ng4 14.Bd2 Bc5 15.Raf1 Qe7
16.g3 b5 17.Rg2 Nf6 18.g4 Nd7 19.g5 Bd6 20.Rfg1 g6 21.h4 Nc5 22.h5 Be6 23.Rh2 b4
24.Nd1 Nxa4 25.Kg2 Nc5 26.Rgh1 Nxd3 27.cxd3 a5 28.hxg6 fxg6 29.Rxh7 Qxh7
30.Rxh7 Kxh7 31.Ne3 Kg7 32.Ng4 Rh8 33.Be3 Rh4 34.Nh6 Be7 35.f4 exf4 36.Bd4+ Kh7
37.Bf2 Rh3 38.Qc2 f3+ 39.Kg1 Bxg5 40.Nf7 Bxf7 41.Qxc6 Rd8 42.d4 Kg7 43.d5 Bf6
44.Qb6 Rc8 45.Bc5 Bh4 46.d6 Rxc5 47.Qxc5 f2+ 48.Kg2 Rg3+  0-1

[Event "12th Open"]
[Site "Creon FRA"]
[Date "2007.08.04"]
[Round "8"]
[White "Galloux,M"]
[Black "Mullon,J"]
[Result "0-1"]
[WhiteElo "2039"]
[BlackElo "2333"]

1.e4 c5 2.Nf3 e6 3.d4 cxd4 4.Nxd4 a6 5.Nc3 Qc7 6.Bd3 Bc5 7.Nb3 Be7 8.O-O Nf6
9.f4 d6 10.Qf3 Nbd7 11.a4 b6 12.a5 b5 13.Bd2 Bb7 14.Rae1 h5 15.Qe2 b4 16.Nd1 Nc5
17.Nxc5 Qxc5+ 18.Nf2 Qxa5 19.e5 Qd5 20.Ne4 Nxe4 21.Bxe4 Qxe4 22.Qxe4 Bxe4
23.Rxe4 d5 24.Ree1 g6 25.Be3 a5 26.b3 Kd7 27.Ra1 Rhc8 28.Ra2 Bc5 29.Kf2 Kc6
30.Rd1 Kb5 31.Rda1 d4 32.Bd2 d3+ 33.Be3 Bxe3+  0-1

[Event "Open"]
[Site "Olomouc CZE"]
[Date "2007.08.04"]
[Round "3"]
[White "Van der Laan,D"]
[Black "Szoen,D"]
[Result "1/2-1/2"]
[WhiteElo "2240"]
[BlackElo "2452"]

1.e4 c5 2.Nf3 e6 3.d4 cxd4 4.Nxd4 a6 5.Nc3 b5 6.Bd3 Qb6 7.Nf3 Bb7 8.O-O Nc6
9.e5 Qc7 10.Re1 O-O-O 11.Qe2 f6 12.a4 b4 13.Ne4 a5 14.exf6 gxf6 15.c4 f5
16.Neg5 Nf6 17.Nf7 Rg8 18.Bg5 Be7 19.Nxd8 Nxd8 20.c5 Bxf3 21.Qxf3 Rxg5 22.Qa8+ Qb8
23.Qxa5 Nb7 24.Qxb4 Nxc5 25.Ba6+ Nxa6 26.Qxe7 Rg6 27.Rac1+ Nc7 28.Qf8+ Kb7
29.Qb4+ Kc8 30.Qf8+ Kb7 31.Qb4+ Kc8 32.Qf8+  1/2-1/2

[Event "Open"]
[Site "Kavala GRE"]
[Date "2007.08.05"]
[Round "2"]
[White "Oleksienko,M"]
[Black "Burtasova,A"]
[Result "1-0"]
[WhiteElo "2567"]
[BlackElo "2337"]

1.e4 c5 2.Nf3 e6 3.d4 cxd4 4.Nxd4 a6 5.Nc3 b5 6.Bd3 d6 7.O-O Nf6 8.a4 b4
9.Na2 e5 10.Nb3 Nc6 11.Bd2 Qb6 12.a5 Qb7 13.Bg5 Be7 14.Bxf6 Bxf6 15.Bc4 Qc7
16.Bd5 Rb8 17.Qd2 Bb7 18.Bxc6+ Qxc6 19.Nxb4 Qxe4 20.f3 Qc4 21.Qxd6 Rd8 22.Qb6 Be7
23.Qxb7 Bxb4 24.Qe4 Qb5 25.c4 Bc5+ 26.Kh1 Qxb3 27.Qc6+ Rd7 28.Qc8+ Rd8 29.Qc6+ Rd7
30.Qxc5 f6 31.f4  1-0

[Event "Open"]
[Site "Olomouc CZE"]
[Date "2007.08.05"]
[Round "4"]
[White "Szoen,D"]
[Black "Navratil,Ji1"]
[Result "1-0"]
[WhiteElo "2452"]
[BlackElo "2137"]

1.e4 c5 2.Nc3 e6 3.Nf3 a6 4.d4 cxd4 5.Nxd4 d6 6.Bd3 Nf6 7.Bg5 Be7 8.Qd2 Qc7
9.O-O-O Nc6 10.Nxc6 bxc6 11.f4 Bb7 12.Kb1 c5 13.Rhe1 Rd8 14.Qe2 h6 15.Bxf6 Bxf6
16.e5 dxe5 17.fxe5 c4 18.Bxc4 Rxd1+ 19.Nxd1 Bxe5 20.Qxe5 Qxc4 21.Qxg7 Rf8
22.c3 Ke7 23.Ne3 Qc5 24.Qxh6 Rd8 25.Rf1 f5 26.Qg7+ Ke8 27.Ng4  1-0

[Event "Ave-Kontakt Cup IMC"]
[Site "Olomouc CZE"]
[Date "2007.08.05"]
[Round "6"]
[White "Salai,L"]
[Black "Ni,V"]
[Result "1-0"]
[WhiteElo "2378"]
[BlackElo "2147"]

1.e4 c5 2.Nf3 e6 3.d4 cxd4 4.Nxd4 a6 5.Nc3 b5 6.a3 Bb7 7.Bd3 Bc5 8.Nb3 Ba7
9.Qe2 d6 10.Be3 Ne7 11.Rd1 Bxe3 12.Qxe3 e5 13.O-O O-O 14.a4 b4 15.Na2 a5
16.Bc4 Qc7 17.Qd3 Rc8 18.Nd2 Nd7 19.b3 Nf6 20.f3 d5 21.exd5 Nfxd5 22.Rfe1 Rd8
23.Qe2 Ng6 24.Ne4 Ngf4 25.Qf2 Ba6 26.Bxd5 Nxd5 27.Qc5 Qxc5+ 28.Nxc5 f6 29.Rd2 Nc7
30.Red1 Rxd2 31.Rxd2 Bc8 32.Rd8+ Kf7 33.c3 Ke7 34.Rh8 Ne8 35.cxb4 Bf5 36.bxa5 Rxa5
37.b4 Ra8 38.Nc3 Kd6 39.Kf2 Bc2 40.Ke3 Rb8 41.Kd2 Bf5 42.N3e4+ Kd5 43.Kc3 Ra8
44.h4 Nc7 45.Rxa8 Nxa8 46.g4 Bc8 47.b5 g6 48.Nb3 f5 49.gxf5 gxf5 50.Nf6+ Kd6
51.Nxh7 Nb6 52.a5 Nd5+ 53.Kd2 Bd7 54.b6 Ba4 55.b7 Kc7 56.Nc5 Bc6 57.a6 Nf4
58.Ng5 Nh5 59.Nge6+ Kb8 60.Nf8  1-0

[Event "HZ Open"]
[Site "Vlissingen NED"]
[Date "2007.08.05"]
[Round "3"]
[White "Kasimdzhanov,R"]
[Black "De Jong,M"]
[Result "1-0"]
[WhiteElo "2683"]
[BlackElo "2286"]

1.e4 c5 2.Nf3 e6 3.d4 cxd4 4.Nxd4 a6 5.Nc3 Qc7 6.Bd3 Nf6 7.Qe2 d6 8.O-O Nbd7
9.a4 b6 10.f4 Be7 11.Kh1 Bb7 12.Bd2 Nc5 13.b4 Nxd3 14.cxd3 O-O 15.Rac1 Qd7
16.Be3 Rac8 17.b5 g6 18.Qb2 Ng4 19.Bg1 e5 20.Nde2 Bd8 21.h3 Nf6 22.fxe5 dxe5
23.Bxb6 Bxb6 24.Rxf6 Be3 25.Rd1 axb5 26.axb5 Rc5 27.Qb4 Rfc8 28.b6 Bg5 29.Rf3 f6
30.d4 exd4 31.Rxd4 Qe6 32.Rfd3 f5 33.Rd6 Qe5 34.Qb3+ Rc4 35.Rd7 Ba6 36.Ra7 fxe4
37.Rd1 Qa5 38.b7 Rf8 39.Qxc4+  1-0

[Event "Proclient Cup IMA"]
[Site "Olomouc CZE"]
[Date "2007.08.06"]
[Round "8"]
[White "Krupa,M"]
[Black "Chytilek,R"]
[Result "0-1"]
[WhiteElo "2258"]
[BlackElo "2396"]

1.e4 c5 2.Nf3 e6 3.Nc3 a6 4.d4 cxd4 5.Nxd4 Qc7 6.Bd3 Nc6 7.Nxc6 Qxc6 8.O-O b5
9.e5 f5 10.Be2 Bb7 11.Bf3 Qc7 12.Be3 Ne7 13.Bxb7 Qxb7 14.Bc5 Rc8 15.Bd6 Ng6
16.Bxf8 Rxf8 17.f4 Kf7 18.a4 b4 19.Ne2 Kg8 20.Qd2 Ne7 21.Nd4 Rc4 22.Rf2 Rfc8
23.Rd1 Qb6 24.Kh1 g6 25.h3 Kh8 26.Rf3 Nd5 27.Qf2 Qc5 28.Rd2 Qc7 29.Rfd3 Qb7
30.Qh4 Qb6 31.Qh6 Qd8 32.Rg3 Qf8 33.Qh4 Qe7 34.Qh6 Qf8 35.Rxg6 Nxf4 36.Qxf8+ Rxf8
37.Rg3 Rg8 38.Rxg8+ Kxg8 39.Kh2 Kf7 40.g3 Ng6 41.Nf3 Ke7 42.Kg2 h5 43.Re2 f4
44.g4 hxg4 45.hxg4 d6 46.exd6+ Kxd6 47.Nd2 Rd4 48.Ne4+ Kd5 49.Nf6+ Kd6 50.Ne4+ Ke7
51.Kf3 e5 52.Rh2 Rd1 53.Rh7+ Kf8 54.g5 Rg1 55.c4 bxc3 56.bxc3 Kg8 57.Nf6+ Kf8
58.Ne4 Kg8 59.Nf6+ Kf8 60.Rc7 Nh4+ 61.Ke4 Rd1 62.Kxe5 f3 63.Ne4 Re1 64.Kf4 Rxe4+
65.Kxe4 f2 66.Rc8+ Kg7  0-1

[Event "12th WY U16 Ol"]
[Site "Singapore SIN"]
[Date "2007.08.06"]
[Round "3"]
[White "Tillyaev,U"]
[Black "Aydogdu,A"]
[Result "1-0"]
[WhiteElo "2033"]
[BlackElo "1964"]

1.e4 c5 2.Nf3 e6 3.d4 cxd4 4.Nxd4 a6 5.Nc3 Qc7 6.a4 Nf6 7.Bd3 Nc6 8.Nb3 Bd6
9.h3 h5 10.Qe2 Ne5 11.Be3 b6 12.O-O-O Bb7 13.Rhf1 Bb4 14.Nd4 Nxd3+ 15.Qxd3 e5
16.Nd5 Nxd5 17.exd5 d6 18.f4 Ke7 19.fxe5 dxe5 20.Qf5 Bd6 21.Nb3 Bc8 22.Rf4  1-0

[Event "Valoz Cup GMA"]
[Site "Olomouc CZE"]
[Date "2007.08.07"]
[Round "9"]
[White "Grandelius,N"]
[Black "Ibrayev,N"]
[Result "1-0"]
[WhiteElo "2271"]
[BlackElo "2468"]

1.e4 c5 2.Nf3 e6 3.d4 cxd4 4.Nxd4 a6 5.Nc3 d6 6.Be3 Nd7 7.f3 Ngf6 8.g4 h6
9.Qd2 b5 10.O-O-O Bb7 11.h4 b4 12.Na4 d5 13.Bh3 g6 14.g5 Nh5 15.b3 Qe7 16.gxh6 dxe4
17.fxe4 Ng3 18.Bg5 Qd6 19.Rhe1 Nxe4 20.Qe3 Qe5 21.Bf4 Qxf4 22.Qxf4 Bxh6 23.Qxh6 Rxh6
24.Bxe6 fxe6 25.Nxe6 Rc8 26.Ng5 Rxh4 27.Rd4 Nf6 28.Rxb4 Rc7 29.Ne6 Re7 30.Nec5 Bc6
31.Nc3 g5 32.N3xe4 Nxe4 33.Nxa6 Nd6 34.Rb8+ Kf7 35.Rd1 Nf5 36.Nb4 Bf3 37.Rdd8 Be4
38.Rf8+ Kg6 39.Rb6+ Kh5 40.a4 g4 41.Nd5 Re5 42.Rh8+ Kg5 43.Rg8+  1-0

[Event "Arctic Chess Challenge"]
[Site "Tromso NOR"]
[Date "2007.08.07"]
[Round "4"]
[White "Vik Hansen,R"]
[Black "Unander,M"]
[Result "1-0"]
[WhiteElo "1948"]
[BlackElo "2149"]

1.e4 c5 2.Nf3 e6 3.Nc3 a6 4.d4 cxd4 5.Nxd4 Qc7 6.g3 Nf6 7.Bg2 Be7 8.O-O d6
9.a4 O-O 10.Be3 Bd7 11.f4 Nc6 12.Nb3 Na5 13.Qe2 Nc4 14.Bc1 Na5 15.Nd2 Rac8
16.g4 b5 17.g5 Ne8 18.axb5 axb5 19.Qh5 g6 20.Qh6 f6 21.f5 gxf5 22.exf5 Rf7
23.fxe6 Bxe6 24.Nde4 Bf8 25.Qh4 f5 26.g6 hxg6 27.Ng5 Qc5+ 28.Kh1 Qc4 29.Rf4  1-0

[Event "XVIII Kochan Mem"]
[Site "Koszalin POL"]
[Date "2007.08.08"]
[Round "4"]
[White "Warakomska,A"]
[Black "Kozak,Ma"]
[Result "1/2-1/2"]
[WhiteElo "2135"]
[BlackElo "2188"]

1.e4 c5 2.Nf3 e6 3.d4 cxd4 4.Nxd4 a6 5.Nc3 Qc7 6.Bd3 Nf6 7.O-O Nc6 8.Nb3 d6
9.Qe2 g6 10.Kh1 Bg7 11.f4 O-O 12.Bd2 b5 13.a3 Bb7 14.Rae1 Rae8 15.a4 b4 16.Na2 a5
17.c3 e5 18.cxb4 d5 19.Nxa5 dxe4 20.Bb5 Nd4 21.Qc4 Nxb5 22.Qxc7 Nxc7 23.Nxb7 Nfd5
24.Nd6 Ra8 25.fxe5 e3 26.Bxe3 Rxa4 27.Nc3 Rxb4 28.Bc5 Rxb2 29.Nxd5 Nxd5 30.Nc4 Rc8
31.Nxb2 Rxc5 32.g3 Nc7 33.Nd3 Rd5 34.Rd1 Kf8 35.Rfe1 Ke7 36.Kg2 Ne6 37.h4 h5
38.Kf3 Rd4 39.Nf2 Ra4 40.Re4 Ra3+ 41.Rd3 Ra2 42.Rc3 Rd2 43.Nd3 Bh6 44.Nf4 Rd7
45.Nxe6 Kxe6 46.Rc6+ Kd5 47.Rc3 Ke6 48.Rb3 Kf5 49.e6 fxe6 50.Rb5+ Kf6 51.Rb6 Re7
52.g4 hxg4+ 53.Kxg4 Kf7 54.Rb8 Kf6 55.Rb1  1/2-1/2

[Event "ch-Euro Rapid Women"]
[Site "Predeal ROM"]
[Date "2007.08.08"]
[Round "1"]
[White "Ciubara,V"]
[Black "Peptan,C"]
[Result "0-1"]
[WhiteElo "2119"]
[BlackElo "2411"]

1.e4 c5 2.Nf3 e6 3.d4 cxd4 4.Nxd4 a6 5.Nc3 Qc7 6.Bd3 b5 7.O-O Bb7 8.Be3 Nf6
9.a3 Be7 10.f4 h5 11.h3 d6 12.Qe2 Nbd7 13.Rad1 h4 14.Bf2 Nh5 15.Qe3 Rc8 16.f5 e5
17.Nde2 Nhf6 18.Bxb5 axb5 19.Nxb5 Qb8 20.Nec3 Nc5 21.b4  0-1

[Event "ch-Euro Rapid Women"]
[Site "Predeal ROM"]
[Date "2007.08.08"]
[Round "4"]
[White "Huda,Mary"]
[Black "Bulmaga,I"]
[Result "0-1"]
[WhiteElo "2278"]
[BlackElo "2158"]

1.e4 c5 2.Nf3 e6 3.d4 cxd4 4.Nxd4 a6 5.Nc3 Qc7 6.Bd3 Bd6 7.Be3 Nf6 8.h3 O-O
9.a4 b6 10.O-O Bf4 11.Qf3 Be5 12.Qe2 Bf4 13.Nb3 Bb7 14.Bd4 e5 15.Be3 Bxe3
16.Qxe3 d5 17.exd5 Nxd5 18.Qe4 Nf6 19.Qh4 Nbd7 20.Rae1 Rfe8 21.Re3 Rac8 22.Rfe1 g6
23.Qb4 Kg7 24.a5 b5 25.Rd1 Nf8 26.Bf1 Ne6 27.Qd6 Nf4 28.Qxc7 Rxc7 29.Rd2 Rcc8
30.Re1 h5 31.Red1 h4 32.f3 N4h5 33.Kf2 Ng3 34.Na2 e4 35.fxe4 Nfxe4+ 36.Kg1 Nxd2
37.Rxd2 Re1 38.Rf2 Nxf1 39.Rxf1 Rxf1+ 40.Kxf1 Rxc2  0-1

[Event "ch-Euro Rapid Women"]
[Site "Predeal ROM"]
[Date "2007.08.08"]
[Round "5"]
[White "Paulet,I"]
[Black "Traistaru,T"]
[Result "1-0"]
[WhiteElo "2241"]
[BlackElo "2137"]

1.e4 c5 2.Nc3 a6 3.Nf3 e6 4.d4 cxd4 5.Nxd4 Qc7 6.Bd3 Nf6 7.O-O Be7 8.f4 d6
9.Kh1 O-O 10.Qe1 Nc6 11.Be3 Bd7 12.Qg3 b5 13.Nxc6 Bxc6 14.a3 d5 15.e5 Nd7
16.Bd4 Bc5 17.Ne2 Bxd4 18.Nxd4 Nc5 19.b4 Nxd3 20.cxd3 Bd7 21.Rac1 Qb6 22.Rc5 a5
23.f5 exf5 24.Rxd5 Be6 25.Rd6 Qb7 26.Nxe6 fxe6 27.Rxe6 axb4 28.axb4 f4 29.Qf3 Qxf3
30.gxf3 Rfd8 31.Rd1 Rd4 32.Re7 Rxb4 33.Rg1 g6 34.Rc1 Rb2 35.e6 Re2 36.d4 b4
37.d5 b3 38.Rb7 b2 39.Rg1 Ra2 40.Rb1 Rc2 41.Rb8+ Kg7 42.e7 Ra1 43.Rxb2 Rxb2
44.Rxa1 Kf7 45.d6 Rd2 46.Ra8 Re2 47.d7  1-0

[Event "UTwente YM"]
[Site "Hengelo NED"]
[Date "2007.08.09"]
[Round "6"]
[White "Burg,T"]
[Black "Hoolt,S"]
[Result "1/2-1/2"]
[WhiteElo "2301"]
[BlackElo "2187"]

1.e4 c5 2.Nf3 e6 3.d4 cxd4 4.Nxd4 a6 5.Nc3 b5 6.Bd3 Qb6 7.Nb3 Qc7 8.O-O Bb7
9.Qe2 d6 10.Bd2 Nf6 11.a4 b4 12.Na2 d5 13.e5 Nfd7 14.f4 Nc6 15.Kh1 Nc5 16.Nxc5 Bxc5
17.f5 exf5 18.e6 O-O 19.Rxf5 Nd4 20.exf7+ Rxf7 21.Rxf7 Qxf7 22.Qg4 b3 23.cxb3 Rf8
24.Qd1 Qf2 25.Nc3 Nf3 26.gxf3 Rxf3 27.Qf1 Qxf1+ 28.Rxf1 Rxd3 29.Nb1 Rxb3
30.Rc1 Bb6 31.a5 Bd8 32.Kg1 Rxb2 33.Bc3 Re2 34.Bd4 Bxa5 35.Nc3 Rd2 36.Ba7 d4
37.Nd1 Rg2+ 38.Kf1 Rxh2 39.Bxd4 h5 40.Nf2 Rh4 41.Be5 Ra4 42.Rd1 Ra2 43.Rd7 Bc6
44.Rxg7+ Kf8 45.Rh7 Bf3 46.Rh6 Be2+ 47.Kg1 Rc2 48.Ne4 Bb4 49.Ng5 Ke8 50.Kf2 Bg4+
51.Ke3 Re2+ 52.Kd4 Bc3+ 53.Kxc3 Rxe5 54.Nh7 a5 55.Nf6+ Kf7 56.Kd4 Re6 57.Nxg4 Rxh6
58.Nxh6+ Kg6 59.Ng8 h4 60.Ne7+ Kg5 61.Ke3 a4 62.Nd5 a3 63.Nb4 Kg4 64.Kf2 Kf4
65.Kg2 Ke5 66.Kh3 Kd6 67.Kxh4 Kc5 68.Na2 Kc4 69.Kg3 Kb3 70.Nc1+ Kc2 71.Na2 Kb2
72.Nb4 Kb3 73.Nd3 Kc3 74.Nc1 Kb2 75.Nd3+ Kc2 76.Nb4+ Kb1 77.Kf3 a2 78.Nxa2  1/2-1/2

[Event "Open"]
[Site "Callao PER"]
[Date "2007.08.10"]
[Round "3"]
[White "Quinones,Ces"]
[Black "Chauca,J"]
[Result "1-0"]
[WhiteElo "2268"]
[BlackElo "2133"]

1.e4 c5 2.Nf3 e6 3.d4 cxd4 4.Nxd4 a6 5.Nc3 Qc7 6.g3 b6 7.Bg2 Bb7 8.O-O d6
9.Re1 Nf6 10.Nd5 exd5 11.exd5+ Kd8 12.Bg5 Bc8 13.Re3 Be7 14.Qe2 Ra7 15.Re1 h6
16.Bxf6 gxf6 17.Qh5 Qc4 18.Re4 Ke8 19.Nc6  1-0

[Event "Open"]
[Site "Dubna RUS"]
[Date "2007.08.10"]
[Round "12"]
[White "Larina,M"]
[Black "Luzhetskiy,Y"]
[Result "1-0"]
[WhiteElo "2092"]
[BlackElo "2145"]

1.e4 c5 2.Nf3 e6 3.d4 cxd4 4.Nxd4 a6 5.Nc3 Qc7 6.g3 Nc6 7.Nxc6 Qxc6 8.Bg2 b5
9.O-O Bb7 10.Re1 Nf6 11.Nd5 Bc5 12.Nxf6+ gxf6 13.Be3 Rc8 14.c3 Bxe3 15.Rxe3 O-O
16.Qh5 e5 17.Bh3 Rfd8 18.Bf5 Kf8 19.Rd1 Ke7 20.Red3 Rc7 21.Qxh7 d6 22.Qh6 Qb6
23.g4 d5 24.exd5 Rd6 25.g5 Rcd7 26.Bxd7 Kxd7 27.Qf8 fxg5 28.Qxf7+  1-0

[Event "HZ Open"]
[Site "Vlissingen NED"]
[Date "2007.08.10"]
[Round "8"]
[White "Maenhout,T"]
[Black "Stange,W"]
[Result "1-0"]
[WhiteElo "2302"]
[BlackElo "2126"]

1.e4 c5 2.Nf3 e6 3.d4 cxd4 4.Nxd4 a6 5.Nc3 Qc7 6.Bd3 Nc6 7.Nxc6 bxc6 8.O-O Nf6
9.f4 Bc5+ 10.Kh1 h5 11.e5 Ng4 12.Ne4 Ba7 13.Qe2 a5 14.Nd6+ Kf8 15.f5 Nxe5
16.Qxe5 f6 17.fxe6 dxe6 18.Bg5 Bb8 19.Rxf6+ Kg8 20.Rxe6  1-0

[Event "Open"]
[Site "Callao PER"]
[Date "2007.08.11"]
[Round "4"]
[White "Chauca,J"]
[Black "Enriquez,M"]
[Result "0-1"]
[WhiteElo "2133"]
[BlackElo "2243"]

1.e4 c5 2.Nf3 e6 3.d4 cxd4 4.Nxd4 a6 5.Nc3 b5 6.Bd3 Bb7 7.O-O Ne7 8.Kh1 Nec6
9.Nxc6 Nxc6 10.f4 Rc8 11.Be3 Na5 12.Bd4 Nc6 13.Bg1 Nb4 14.Qe2 Bc5 15.Bxc5 Rxc5
16.f5 O-O 17.Rf4 Re5 18.Qf2 exf5 19.Rxf5 Re6 20.Rf1 f6 21.a3 Nc6 22.Rh5 Re5
23.Qh4 Rxh5 24.Qxh5 Ne5 25.Qe2 Qc7 26.Nd1 g6 27.Ne3 Kg7 28.Ng4 Qc5 29.h3 Bc6
30.Nxe5 Qxe5 31.c3 Re8 32.Qf2 Re6 33.Rd1 Re7 34.Rf1 d5 35.exd5 Bxd5 36.Qf4 Qxf4
37.Rxf4 Re3 38.Rd4 Rxh3+ 39.Kg1 Rh5 40.a4 Bc6 41.Rd6 Rc5 42.g3 bxa4 43.c4 f5
44.Kf2 Kf7 45.Rd8 Re5 46.Rc8 Bb7 47.Rh8 Kg7 48.Rd8 Re7 49.Rd6 Kh6 50.Bc2 Rc7
51.Bd3 Kg5 52.Rd4 Bc6 53.Ke3 Rd7 54.Rf4 h5 55.c5 Rd5 56.Bxa6 Rxc5 57.Rb4 Re5+
58.Kf2 Re4 59.Rb6 Bd5 60.Bd3 Re6 61.Rb5 Bb3 62.Rb4 Rc6 63.Ke3 Rc1 64.Kf2 Rd1
65.Ke2 Rh1 66.Bb5 Rh2+ 67.Ke3 Rg2 68.Be8 Rxg3+ 69.Kf2 Rg4 70.Rb6 Kh6 71.Ra6 h4
72.Rd6 Bc2 73.Bc6 Be4 74.Bxe4 Rxe4  0-1

[Event "It"]
[Site "Kemerovo RUS"]
[Date "2007.08.11"]
[Round "8"]
[White "Kornev,Alexa"]
[Black "Sazhinov,A"]
[Result "0-1"]
[WhiteElo "2336"]
[BlackElo "2270"]

1.e4 c5 2.Nf3 e6 3.d4 cxd4 4.Nxd4 a6 5.Nc3 b5 6.Bd3 Bb7 7.O-O Qc7 8.Be3 Nf6
9.a3 d5 10.exd5 Nxd5 11.Nxd5 Bxd5 12.Qh5 Nd7 13.Rfe1 Nf6 14.Qh4 Be7 15.a4 b4
16.Bg5 Qb7 17.f3 h6 18.c4 Bc6 19.Nxc6 Qxc6 20.Be3 Bc5 21.Be4 Nxe4 22.Qxe4 Qxe4
23.fxe4 Rc8 24.Bxc5 Rxc5 25.b3 Ke7 26.Rad1 Rhc8 27.Rf1 Re5 28.Rd4 a5 29.Rf3 Rc7
30.Kf2 Rh5 31.h3 f6 32.Rg3 Rg5 33.Rgd3 Re5 34.Kf3 f5 35.exf5 Rxf5+ 36.Kg3 Rf1
37.Re4 Rc1 38.Rde3 Rc6 39.Re5 Ra6 40.Rb5 Rc3 41.Kf3 Rd6 42.Rxa5 Rdd3 43.Re5 Rxb3
44.Rxe6+ Kf7 45.Rxd3 Rxd3+ 46.Re3 Ra3 47.Ke4 b3 48.Re1 Rxa4 49.Kd5 Ra2 50.Rb1 Rd2+
51.Kc6 b2 52.g4 Rc2 53.c5 Ke6 54.Re1+ Kf6 55.Rb1 Ke5 56.h4  0-1

[Event "17th Chess Festival"]
[Site "Abu Dhabi UAE"]
[Date "2007.08.13"]
[Round "2"]
[White "Sethuraman,S"]
[Black "Faisal,Ab"]
[Result "1-0"]
[WhiteElo "2380"]
[BlackElo "2168"]

1.e4 c5 2.Nf3 e6 3.d4 cxd4 4.Nxd4 a6 5.Nc3 Qc7 6.Bd3 Nf6 7.O-O d6 8.f4 b5
9.a3 Bb7 10.Qe2 Nbd7 11.Bd2 Be7 12.Rae1 O-O 13.Kh1 Rad8 14.b4 Rfe8 15.a4 bxa4
16.Bxa6 Bxa6 17.Qxa6 Rc8 18.Qd3 Ra8  1-0

[Event "Acropolis Open"]
[Site "Athens GRE"]
[Date "2007.08.15"]
[Round "2"]
[White "Atakisi,U"]
[Black "Parligras,M"]
[Result "0-1"]
[WhiteElo "2383"]
[BlackElo "2542"]

1.e4 c5 2.Nf3 e6 3.d4 cxd4 4.Nxd4 a6 5.Nc3 d6 6.Bd3 Nf6 7.O-O Nbd7 8.Kh1 b5
9.a3 Bb7 10.f4 Rc8 11.Bd2 g6 12.Qe2 Bg7 13.a4 bxa4 14.Bxa6 Bxa6 15.Qxa6 Nc5
16.Qb5+ Nfd7 17.Nc6 Qc7 18.Nb4 O-O 19.Na6 Nxa6 20.Qxa6 Nc5 21.Qc4 Qb7 22.Nxa4 Nxe4
23.Qd3 d5 24.Be3 Rc6 25.c3 Ra8 26.Bd4 Qa6 27.Qd1 Bxd4 28.cxd4 Qa5 29.Kg1 Qb4
30.Rf3 Rc4 31.Rd3 Qd6 32.b3 Rc7 33.Qf3 Rc2 34.Re1 Rac8 35.Nc5 Nxc5 36.dxc5 Qxc5+
37.Qe3 Rb2 38.h3 Qxe3+ 39.Rexe3 Rcc2 40.Rg3 Kf8 41.Rd4 Ke7 42.Rb4 Kf6 43.Kh2 h5
44.h4 Rd2 45.Kh3 Rbc2 46.Kh2 d4 47.Ra4 Rc1 48.Rf3 Rcc2 49.Rg3 Kf5 50.Ra7 f6
51.Ra5+ Kxf4 52.Rxg6 f5 53.b4 Rb2 54.b5 e5 55.b6 Rd1 56.Ra3 d3 57.Rg3 e4
58.Rg5 Rbb1 59.g3+ Ke3 60.Ra2 Rh1+  0-1

[Event "TCh-ESP CECLUB Norte Div 1"]
[Site "Sabadell ESP"]
[Date "2007.08.15"]
[Round "1"]
[White "Suarez Pousa,D"]
[Black "Flores,Di"]
[Result "0-1"]
[WhiteElo "2418"]
[BlackElo "2560"]

1.e4 c5 2.Nc3 e6 3.Nf3 a6 4.d4 cxd4 5.Nxd4 b5 6.g3 Bb7 7.Bg2 b4 8.Na4 Nf6
9.O-O Bxe4 10.Bxe4 Nxe4 11.Re1 d5 12.c4 bxc3 13.Nxe6 fxe6 14.Qh5+ g6 15.Qe5 Qf6
16.Rxe4 Qxe5 17.Rxe5 Kf7 18.Re3 Bg7 19.Rf3+ Ke8 20.bxc3 Nd7 21.Rb1 Rc8 22.Rb7 Rf8
23.Re3 Rc6 24.Ba3 Rf5 25.Nc5 Nxc5 26.Rxg7 Rf7 27.Rg8+ Kd7 28.Bxc5 Rxc5 29.Ra8 Rc6
30.Kf1 Kd6 31.h4 Rfc7 32.Ke2 Rxc3 33.Rxc3 Rxc3 34.Rxa6+ Ke5 35.Ra7 Rc2+ 36.Kf3 h6
37.a4 g5 38.h5 g4+ 39.Kg2 d4 40.a5 Ra2 41.a6 Ke4 42.Ra8 e5 43.Rg8 Kd3 44.Rxg4 e4
45.a7 Rxa7 46.Rg6 Ke2 47.Re6 e3 48.Rxh6 Ra2 49.Rd6 Ke1 50.Rxd4 exf2 51.Re4+ Re2  0-1

[Event "Acropolis Open"]
[Site "Athens GRE"]
[Date "2007.08.16"]
[Round "3"]
[White "Makropoulou,M"]
[Black "Malakhatko,V"]
[Result "0-1"]
[WhiteElo "2266"]
[BlackElo "2596"]

1.e4 c5 2.Nf3 e6 3.d4 cxd4 4.Nxd4 a6 5.Nc3 b5 6.Bd3 Qb6 7.Nf3 Nc6 8.O-O Qb8
9.Re1 Bd6 10.a4 b4 11.Nb1 Nge7 12.Nbd2 Ng6 13.Nc4 Bc7 14.a5 Nge5 15.Nfxe5 Nxe5
16.Nxe5 Bxe5 17.Qh5 Bb7 18.Kh1 Bc6 19.Bd2 g6 20.Qh6 Qb7 21.c3 bxc3 22.bxc3 Qc7
23.f4 Bf6 24.e5 Be7 25.Qg7 Rf8 26.Qxh7 Rb8 27.Rab1 Rxb1 28.Rxb1 Qxa5 29.Rb8+ Bd8
30.Bxg6 d5 31.Bb1 Qc7 32.Rb2 Be7 33.Be3 Bb5 34.Bd4 Qc4 35.Rf2 Bc5 36.Qc2 Bxd4
37.cxd4 Kd7 38.Qxc4 dxc4 39.f5 c3 40.fxe6+ Kxe6 41.Ba2+ Ke7 42.d5 f6 43.d6+ Kd7
44.Bb3 Re8 45.e6+ Kxd6 46.h4 Rh8 47.g3 Bd3 48.Rxf6 Rb8 49.e7+ Kxe7 50.Re6+ Kd7
51.Re3 Rxb3 52.Rxd3+ Ke7 53.Re3+ Kf7 54.Rf3+ Kg7 55.Kh2 c2 56.Rxb3 c1=Q 57.Rb7+ Kf8  0-1

[Event "17th Chess Festival"]
[Site "Abu Dhabi UAE"]
[Date "2007.08.17"]
[Round "6"]
[White "Ghaem Maghami,E"]
[Black "Ibrahimov,R"]
[Result "1/2-1/2"]
[WhiteElo "2610"]
[BlackElo "2504"]

1.e4 c5 2.Nc3 e6 3.Nf3 a6 4.d4 cxd4 5.Nxd4 d6 6.f4 b5 7.Bd3 Bb7 8.a3 Nf6
9.Qe2 Be7 10.O-O Nbd7 11.Bd2 Nc5 12.b4 Nxd3 13.cxd3 O-O 14.Rae1 Qd7 15.Be3 Rfe8
16.h3 Bf8 17.Qf2 Rac8 18.Nb3 g6 19.Bd4 Nh5 20.Ne2 f5 21.Nd2 e5 22.Be3  1/2-1/2

[Event "Acropolis Open"]
[Site "Athens GRE"]
[Date "2007.08.17"]
[Round "4"]
[White "Kapnisis,S"]
[Black "Macieja,B"]
[Result "1/2-1/2"]
[WhiteElo "2412"]
[BlackElo "2596"]

1.e4 c5 2.Nf3 e6 3.d4 cxd4 4.Nxd4 a6 5.Nc3 Qc7 6.Bd3 Nf6 7.O-O d6 8.a4 b6
9.f4 Bb7 10.Qe2 g6 11.e5 dxe5 12.fxe5 Nfd7 13.Rxf7 Bc5 14.Rf4 Qxe5 15.Be3 g5
16.Rg4 Nc6 17.Bf2 Bxd4 18.Bxd4 Nxd4 19.Qxe5 Nf3+ 20.gxf3 Nxe5 21.Be4 Bxe4
22.Rxe4 Nxf3+ 23.Kg2 Nh4+ 24.Kg1 Kf7 25.Rf1+ Nf5 26.Nd5 Rac8 27.Ne3 Rhe8
28.Nxf5 exf5 29.Rxf5+ Kg6 30.Rxe8 Rxe8 31.Rd5 Re6 32.Kf2 Kh5 33.a5 b5 34.Rd7 h6
35.Rb7 Rd6 36.Ke3 Re6+ 37.Kf2 Rd6 38.Ke3 Re6+ 39.Kf2 Rd6  1/2-1/2

[Event "Open A"]
[Site "Polanica Zdroj POL"]
[Date "2007.08.17"]
[Round "1"]
[White "Dobrowolski,A"]
[Black "Kuciel,W"]
[Result "1-0"]
[WhiteElo "2338"]
[BlackElo "2162"]

1.e4 c5 2.Nf3 e6 3.d4 cxd4 4.Nxd4 a6 5.Nc3 d6 6.Be2 Nf6 7.O-O Be7 8.f4 Nbd7
9.Bf3 O-O 10.g4 h6 11.h4 Ne8 12.g5 hxg5 13.hxg5 g6 14.Bg4 Ng7 15.Nf3 b5 16.a3 f5
17.gxf6 Nxf6 18.Ng5 Nxg4 19.Qxg4 e5 20.Qh4 Bxg5 21.Qxg5 Qxg5+ 22.fxg5 Rxf1+
23.Kxf1 Bh3+ 24.Kg1 Ne6 25.Kh2 Bg4 26.Nd5 Kg7 27.Kg3 Bd1 28.Be3 Bxc2 29.Nf6 Nd4
30.Rh1 Rh8 31.Rxh8 Kxh8 32.Bxd4 exd4 33.Kf4 Bb3 34.Ne8 d5 35.e5 d3 36.Ke3 Bc4
37.Nc7 d4+ 38.Kd2 Kg8 39.Nxa6 Kf7 40.Nc5 b4 41.a4 b3 42.a5 Ke7 43.a6 Bxa6
44.Nxa6 Ke6 45.Nc5+ Kxe5 46.Kxd3 Kf5 47.Nxb3 Kxg5 48.Nxd4 Kf4  1-0

[Event "ch-Euro IBCA"]
[Site "Durham ENG"]
[Date "2007.08.18"]
[Round "5"]
[White "Vojan,I"]
[Black "Ross,C"]
[Result "0-1"]
[WhiteElo "2066"]
[BlackElo "2133"]

1.e4 c5 2.Nf3 e6 3.d4 cxd4 4.Nxd4 a6 5.Nc3 b5 6.Bd3 Qb6 7.Nb3 Qc7 8.Be3 Bb7
9.O-O Nf6 10.f3 Be7 11.Qd2 O-O 12.Qf2 d6 13.Na5 Qxa5 14.Bb6 Qb4 15.a3 Qxb2
16.Ba5 Nc6 17.Ra2 Qxa2 18.Nxa2 Nxa5 19.Qb6 Bd8 20.Qxd6 Rc8 21.Rd1 Bc7 22.Qb4 Rfd8
23.Qe1 Bb6+ 24.Kh1 Nc4 25.Qh4 Nb2 26.Rd2 Be3 27.Re2 Nxd3 28.Rxe3 Rxc2 29.h3 Rxa2
30.e5 Nxe5 31.Rxe5 Rdd2 32.Qf4 h6 33.Rc5 Nd5 34.Qb8+ Kh7 35.Qf8 Rxg2 36.Rxd5 Bxd5
37.Qxf7 Rh2+  0-1